A guide to calculating the shelf life of foods (Record no. 8856)

000 -LEADER
fixed length control field 00253nam a22001217a 4500
040 ## - CATALOGING SOURCE
Transcribing agency SK
082 ## - DEWEY DECIMAL CLASSIFICATION NUMBER
Classification number 664
100 ## - MAIN ENTRY--AUTHOR NAME
Personal name NA
245 ## - TITLE STATEMENT
Title A guide to calculating the shelf life of foods
260 ## - PUBLICATION, DISTRIBUTION, ETC. (IMPRINT)
Place of publication New zealand
Name of publisher NA
Year of publication 2005
300 ## - PHYSICAL DESCRIPTION
Number of Pages 27p.
942 ## - ADDED ENTRY ELEMENTS (KOHA)
Koha item type សៀវភៅភាសាអង់គ្លេស
952 ## - LOCATION AND ITEM INFORMATION (KOHA)
Withdrawn status [LOCAL, KOHA] 0
Holdings
Koha item type Barcode Lost status Permanent Location Current Location Date acquired Full call number
សៀវភៅភាសាអង់គ្លេសRUA062125 Library Block CLibrary Block C2016-08-18664 NA 2005 C233
មជ្ឈមណ្ឌលឯការនៃសាកលវិទ្យាល័យភូមិន្ទកសិកម្មចំការដូង

Powered by Koha